| 000 | 00732nam a2200205 a 4500 | ||
|---|---|---|---|
| 003 | 0 | ||
| 005 | 20250225091027.0 | ||
| 008 | 101013s19uu xx 00 eng d | ||
| 050 |
_aPHS HQ 759.48 _b.G16 2010 |
||
| 100 | _aGarcia, Angelo Raphael. | ||
| 245 |
_aMaternal employment and mood management skills / _cAngelo Raphael Garcia. |
||
| 260 |
_aLas PiƱas City, Philippines : _bSouthville International School and Colleges, _c2010. |
||
| 300 |
_a22 pages : _billustrations ; _c29 cm. |
||
| 504 | _aIncludes bibliographical references. | ||
| 650 |
_aMaternal employment _xSocial aspects. |
||
| 650 | _aStress management. | ||
| 650 |
_aWorking mothers _xPsychological aspects. |
||
| 650 | _aWork-life balance. | ||
| 942 |
_2lcc _cPASS |
||
| 999 |
_c98404 _d98404 |
||